Khrushchev and Khrushchevism /

Bibliographic Details
Other Authors: McCauley, Martin
Format: Book
Language:English
Published: Bloomington : Indiana University Press, [1987]
Subjects:

MARC

Tag First Indicator Second Indicator Subfields
LEADER 00000cam a2200000 a 4500
001 in00000009135
005 20151007051500.0
008 870105s1987 inu b s00100 eng
010 |a  86033896  
020 |a 0253331420 
020 |a 0253204380 (pbk.) 
035 |a (OCoLC)15108108 
035 |9 AAA3210AM 
040 |a DLC  |c DLC  |d TXA  |d UtOrBLW 
043 |a e-ur--- 
049 |a TXAM 
050 0 0 |a DK274.3  |b .K47 1987 
082 0 |a 947.085/2  |2 19 
245 0 0 |a Khrushchev and Khrushchevism /  |c edited by Martin McCauley. 
264 1 |a Bloomington :  |b Indiana University Press,  |c [1987] 
264 4 |c ©1987 
300 |a xii, 243 pages ;  |c 23 cm. 
336 |a text  |b txt  |2 rdacontent 
337 |a unmediated  |b n  |2 rdamedia 
338 |a volume  |b nc  |2 rdacarrier 
504 |a Includes bibliographical references (pages 229-238) and index. 
505 0 |a Khrushchev as leader / Martin McCauley -- Khrushchev and systemic development / Graeme Gill -- State and ideology / Ronald J. Hill -- Industry / Alec Nove -- Science, technology, and innovation / M.J. Berry -- Agriculture / G.A.E. Smith -- Labour / D. Filtzer -- Social policy / Alastair McAuley -- Eastern Europe / Michael Shafir -- Foreign policy / Harry Hanak -- Defence and security / Christoph Bluth -- Encounters with Khrushchev / Frank K. Roberts. 
536 |a From the library of Dr. James H. Copp, February 2004. 
651 0 |a Soviet Union  |x Politics and government  |y 1953-1985. 
600 1 0 |a Khrushchev, Nikita Sergeevich,  |d 1894-1971. 
700 1 |a McCauley, Martin. 
999 |a MARS 
999 f f |s 956388c7-ad67-3efe-a0bd-27c6df9486c9  |i e997ca61-61e8-3d1a-bd30-9c6e9289b5a8  |t 0 
952 f f |p ric  |a Texas A&M University  |b Rellis Campus  |c Joint Library Facility  |s JLF  |d Remote Storage  |t 0  |e DK274.3 .K47 1987  |h Library of Congress classification  |i unmediated -- volume  |m A14831339968 
998 f f |a DK274.3 .K47 1987  |t 0  |l Remote Storage